000 00753nam a2200301Ia 4500
001 Z_1299
003 CHAP
008 220113s1989 xx 000 0 und d
010 _a164387
040 _cCHAP
082 _a636.085 L6
100 _aLópez Magaldi, Mario Agustín
_968070
245 _aNutrición y alimentación de la vaca y el ternero /
_cpor M. A. López Magaldi
260 _aBuenos Aires :
_bAlbatros,
_c1989
300 _a265 p
440 _a
500 _a
503 _aC/E
650 _aBecerros
_xAlimentación I.t.
_9138536
650 _aGanado vacuno
_xAlimentación
_945429
650 _aNutrición animal
901 _a636.085 L6
902 _aA
910 _a1989
942 _c1
942 _cc1
999 _c164387
_d164387